header

Jury discrimination (Record no. 128337)

MARC details
000 -LEADER
fixed length control field 01982nam a2200409 a 4500
082 04 - DEWEY DECIMAL CLASSIFICATION NUMBER
Classification number 347.762/07520973
100 1# - MAIN ENTRY--AUTHOR NAME
Personal name Waldrep, Christopher,
245 10 - TITLE STATEMENT
Title Jury discrimination
260 ## - PUBLICATION, DISTRIBUTION, ETC. (IMPRINT)
Place of publication Athens, Ga. :
Name of publisher University of Georgia Press,
Year of publication c2010.
300 ## - PHYSICAL DESCRIPTION
Number of Pages ix, 325 p. :
Other physical details ill.
490 1# - SERIES STATEMENT
Series statement Studies in the legal history of the South
505 0# - FORMATTED CONTENTS NOTE
Formatted contents note Making the fairy tale -- The discovery that race politicizes due process -- How revolutionary was the Civil War? -- Privileges and immunities in the Supreme Court -- The jury cases -- Getting blacks on Mississippi juries.
650 #0 - SUBJECT ADDED ENTRY--TOPICAL TERM
Topical Term Jury selection
Topical Term Discrimination in justice administration
Topical Term Race discrimination
Topical Term African Americans
856 40 - ELECTRONIC LOCATION AND ACCESS
Uniform Resource Identifier http://site.ebrary.com/lib/rucke/Doc?id=10496035

No items available.

© 2026 Rongo University
Contact us: librarian | system librarian | Rongo university